Selective Zolotarev-Cosines for Selective Spectral Transform

Bibliographic Details
Main Authors: Janík, Ján, 1946- (Author), Vlček, Miroslav (Author), Sovka, Pavel (Author)
Format: Article
Language:English
ISBN:9788055402758
978805542758

MARC

LEADER 00000naa a2200000uu 4500
001 vtls011071926
003 SK-MaSNL
005 20260302143022.0
008 210909|2010 xo |||||||||||||||||eng|
015 |a SNBRA 
035 |a (urnnbn)urn:nbn:sk:snk:ar-a0cba4 
035 |a (uuid)cb789f6d-5122-4397-a246-9ff73ccce2fb 
035 |a urn:nbn:sk:snk-aavhjk 
040 |a SNKBUCL  |b slo  |c SNKBUCL  |e AACR2 
041 0 |a eng 
044 |a xo  |c SK 
100 1 |a Janík, Ján,  |d 1946-  |4 aut  |9 250994 
245 1 0 |a Selective Zolotarev-Cosines for Selective Spectral Transform  |c Ján Janík, Miroslav Vlček, Pavel Sovka 
700 1 |a Vlček, Miroslav  |4 aut  |9 407688 
700 1 |a Sovka, Pavel  |4 aut  |9 776645 
773 0 |t Digital Technologies 2010  |d Žilina : University of Žilina ; Praha : Edis, 2010, 2010  |g S. 45-46  |z 9788055402758  |z 978805542758 
958 |a OND 
958 |a article12 
958 |a chapter 
999 |c 1342016  |d 1343946